Normal view
MARC view
Entry Topical Term
001 - CONTROL NUMBER
- control field: 36272
003 - CONTROL NUMBER IDENTIFIER
- control field: dpl
005 - DATE AND TIME OF LATEST TRANSACTION
- control field: 20111129143245.0
008 - FIXED-LENGTH DATA ELEMENTS
- fixed length control field: 111129|||a|||||| | ||| d
040 ## - CATALOGING SOURCE
- Original cataloging agency: dpl
- Transcribing agency: dpl
150 ## - HEADING--TOPICAL TERM
- Topical term or geographic name as entry element: Project management
- General subdivision: Computer programs.
670 ## - SOURCE DATA FOUND
- Source citation: Work cat.: (dpl)0: Biafore, Bonnie 36269, Successful project management :, 2012
670 ## - SOURCE DATA FOUND
- Source citation: Work cat.: (dpl)0: Biafore, Bonnie 36269, Successful project management :, 2012
